Brasil: eleiçao ou reeleiçao presidencial em 1998 /
Uloženo v:
| Hlavní autor: | |
|---|---|
| Další autoři: | |
| Médium: | Text |
| Tagy: |
Přidat tag
Žádné tagy, Buďte první, kdo vytvoří štítek k tomuto záznamu!
|
MARC
| LEADER | 00000 a a2200000 04500 | ||
|---|---|---|---|
| 001 | 1177 | ||
| 003 | |||
| 040 | |||
| 100 | |a Gil Kinzo, María D'Alva | ||
| 245 | |a Brasil: eleiçao ou reeleiçao presidencial em 1998 / |c María D'Alva Gil Kinzo | ||
| 700 | |a Rodrigues da Silva, Simone | ||
| 773 | |g volumen 1; páginas 18-25 | ||
| 999 | |c 24368 |d 24368 | ||
